00418nam a2200157Ia 45000010006000000050017000060080041000230410008000640820019000721000037000912450079001282600009002073000028002166500008002446540008002521577420260306170220.0260306t2011||||xx |||||||||||||| ||und|| aESP a620.0042bA179 aArzola de la Peña, NelsoneAUT 0aMetodología de diseño para ingeniería:bcolección guías de clase c2011 a468 páginas :c24 cm. aGEN aCII